<?xml version="1.0" encoding="UTF-8"?>
<record
    xmlns:xsi="http://www.w3.org/2001/XMLSchema-instance"
    xsi:schemaLocation="http://www.loc.gov/MARC21/slim http://www.loc.gov/standards/marcxml/schema/MARC21slim.xsd"
    xmlns="http://www.loc.gov/MARC21/slim">

  <leader>00664nab a2200193 uc4500</leader>
  <controlfield tag="001">146795</controlfield>
  <controlfield tag="005">20240201125826.0</controlfield>
  <controlfield tag="008">971118e19960401                    spa  </controlfield>
  <datafield tag="035" ind1=" " ind2=" ">
    <subfield code="a">146795</subfield>
  </datafield>
  <datafield tag="035" ind1=" " ind2=" ">
    <subfield code="a">(OCoLC)819757664</subfield>
  </datafield>
  <datafield tag="040" ind1=" " ind2=" ">
    <subfield code="c">comduadb</subfield>
  </datafield>
  <datafield tag="041" ind1=" " ind2=" ">
    <subfield code="a">spa</subfield>
  </datafield>
  <datafield tag="245" ind1="1" ind2="0">
    <subfield code="a">Dosificacion de los productos en la fabricacion de piensos. Visualizar el proceso en tiempo real</subfield>
  </datafield>
  <datafield tag="650" ind1=" " ind2=" ">
    <subfield code="a">Aut&#xF3;matas</subfield>
    <subfield code="9">5724</subfield>
  </datafield>
  <datafield tag="650" ind1=" " ind2=" ">
    <subfield code="a">Procesamiento de datos en tiempo real</subfield>
    <subfield code="9">6150</subfield>
  </datafield>
  <datafield tag="650" ind1=" " ind2=" ">
    <subfield code="a">Alimentos para animales</subfield>
    <subfield code="9">35242</subfield>
  </datafield>
  <datafield tag="773" ind1="0" ind2=" ">
    <subfield code="t">Manutenci&#xF3;n y Almacenaje (Espa&#xF1;a)</subfield>
    <subfield code="g">Volumen 31, N&#xFA;mero 305, Abril 1996, p. 49-50</subfield>
    <subfield code="w">104580</subfield>
    <subfield code="x">0025-2646</subfield>
    <subfield code="0">88836</subfield>
  </datafield>
  <datafield tag="942" ind1=" " ind2=" ">
    <subfield code="c">ARIMP</subfield>
  </datafield>
  <datafield tag="999" ind1=" " ind2=" ">
    <subfield code="c">75291</subfield>
    <subfield code="d">75291</subfield>
  </datafield>
</record>
